Science Quiz

Random Science or Color Quiz
Score 0/7 Timer 03:00
0 Plays Today
Soda color % Correct
RCWhite, Red, Blue
100%
PepsiWhite, Red , Blue
100%
Coke Red, White
100%
RootbeerBrown, white
75%
Dr. PeperDark red, black, white
75%
Mountian DewGreen, white
66.7%
SquirtYellow, green, red
41.7%
Remove Ads.
Support Sporcle.
Get the best of Sporcle when you Go Orange. This ad-free experience offers more features, more stats, and more fun while also helping to support Sporcle. Thank you for becoming a member.

You're not logged in!

Compare scores with friends on all Sporcle quizzes.
OR
Log In

Show Comments

Extras

Created Oct 16, 2013ReportNominate
Tags:Color Quiz, soda

Top Quizzes Today


Score Distribution

Your Account Isn't Verified!

In order to create a playlist on Sporcle, you need to verify the email address you used during registration. Go to your Sporcle Settings to finish the process.

Report this User

Report this user for behavior that violates our Community Guidelines.

Details: